Pays des guerres balkaniques - Statistiques

Statistiques générales
  • Ce quiz a été pris 101 fois
  • Le résultat moyen est 4 sur 6
Statistiques - réponses
Réponse % Correct
Serbie
97%
Grèce
77%
Bulgarie
71%
Monténégro
69%
Roumanie
62%
Empire ottoman
43%
Aucun quiz correspondant
Distribution des résultats
% des personnes avec chaque résultat
Percentile par nombre de réponses
Votre historique - résultats
Vous n’avez pas pris ce quiz